000 00656nam a2200205Ii 4500
003 JO-AjNU
008 230605s9999||||xx |||||||||||||| ||und||
017 _a2004/7/1576
040 _aJO-AjNU
_bara
_erda
_cJO-AjNU
041 _aara
050 1 4 _aS523.Q27 2004
100 3 _aقاسم ، جهاد/ م مشارك ايمن مزاهرة ,
_eauthor
_915344
245 0 0 _aمفاهيم زراعية حديثة
264 3 1 _aعمان:دار الشروق للنشر ، 2004
300 _a230ص
336 _atext
_btxt
_2rdacontent
337 _aunmediated
_bn
_2rdamedia
338 _avolume
_bnc
_2rdacarrier
650 4 _aالزراعة الحديثة
_915345
999 _aA4310
_c7878
_d7878